Statistics for Sports Finals Losers

Click here to take the quiz!

General Stats

  • This quiz has been taken 44 times
    (23 since last reset)
  • The average score is 74 of 88

Answer Stats

HintAnswer% Correct
Superbowl XLVINew England Patriots
100%
Superbowl LIINew England Patriots
100%
Superbowl XLIINew England Patriots
100%
Superbowl XLIIIArizona Cardinals
95%
Superbowl XXXVIIICarolina Panthers
95%
Superbowl 50Carolina Panthers
95%
Superbowl LVICincinnati Bengals
95%
Superbowl XLVIIIDenver Broncos
95%
NBA 2008Los Angeles Lakers
95%
NBA 2004Los Angeles Lakers
95%
NBA 2011Miami Heat
95%
NBA 2014Miami Heat
95%
NBA 2020Miami Heat
95%
Superbowl XLSeattle Seahawks
95%
Superbowl XLIXSeattle Seahawks
95%
MLB 2004St. Louis Cardinals
95%
MLB 2013St. Louis Cardinals
95%
Superbowl LIAtlanta Falcons
90%
NBA 2017Cleveland Cavaliers
90%
NBA 2015Cleveland Cavaliers
90%
NBA 2007Cleveland Cavaliers
90%
NBA 2018Cleveland Cavaliers
90%
NBA 2016Golden State Warriors
90%
NBA 2019Golden State Warriors
90%
Superbowl LVKansas City Chiefs
90%
MLB 2018Los Angeles Dodgers
90%
MLB 2017Los Angeles Dodgers
90%
Superbowl LIIILos Angeles Rams
90%
Superbowl XXXVNew York Giants
90%
MLB 2015New York Mets
90%
MLB 2000New York Mets
90%
MLB 2001New York Yankees
90%
MLB 2003New York Yankees
90%
NBA 2001Philadelphia 76ers
90%
Superbowl XXXIXPhiladelphia Eagles
90%
Superbowl LIVSan Francisco 49ers
90%
Superbowl XLVIISan Francisco 49ers
90%
MLB 2002San Francisco Giants
90%
Superbowl XXXVISt. Louis Rams
90%
NBA 2010Boston Celtics
86%
NBA 2005Detroit Pistons
86%
MLB 2021Houston Astros
86%
MLB 2005Houston Astros
86%
MLB 2019Houston Astros
86%
NHL 2014New York Rangers
86%
NBA 2012Oklahoma City Thunder
86%
NBA 2021Phoenix Suns
86%
Superbowl XLVPittsburgh Steelers
86%
NBA 2013San Antonio Spurs
86%
MLB 2008Tampa Bay Rays
86%
MLB 2020Tampa Bay Rays
86%
MLB 2010Texas Rangers
86%
MLB 2011Texas Rangers
86%
NHL 2019Boston Bruins
81%
NHL 2013Boston Bruins
81%
MLB 2016Cleveland Indians
81%
Superbowl XLIVIndianapolis Colts
81%
MLB 2014Kansas City Royals
81%
Superbowl XXXVIIOakland Raiders
81%
NBA 2009Orlando Magic
81%
Superbowl XXXIVTennessee Titans
81%
NHL 2018Vegas Golden Knights
81%
NBA 2006Dallas Mavericks
76%
NHL 2009Detroit Red Wings
76%
MLB 2012Detroit Tigers
76%
MLB 2006Detroit Tigers
76%
NHL 2021Montreal Canadiens
76%
NBA 2002
New Jersey Nets
76%
NBA 2003New Jersey Nets
76%
MLB 2009Philadelphia Phillies
76%
NHL 2008Pittsburgh Penguins
76%
NHL 2015Tampa Bay Lightning
76%
NHL 2004Calgary Flames
71%
NHL 2020Dallas Stars
71%
NHL 2000Dallas Stars
71%
NHL 2010Philadelphia Flyers
71%
Superbowl XLIChicago Bears
67%
MLB 2007Colorado Rockies
67%
NBA 2000Indiana Pacers
67%
NHL 2012New Jersey Devils
67%
NHL 2001New Jersey Devils
67%
NHL 2007Ottawa Senators
67%
NHL 2016San Jose Sharks
67%
NHL 2006Edmonton Oilers
62%
NHL 2003Mighty Ducks of Anahiem
62%
NHL 2017Nashville Predators
62%
NHL 2011Vancouver Canucks
57%
NHL 2002Carolina Hurricanes
52%

Score Distribution

Percentile by Number Answered

Percent of People with Each Score

Your Score History

You have not taken this quiz since the last reset